Kreativität <Das> Handbuch für die Praxis
Guardado en:
| Autor principal: | |
|---|---|
| Formato: | Libro |
| Lenguaje: | alemán |
| Publicado: |
Zürich
Füssli
1993
|
| Edición: | 1. Aufl. |
| Materias: | |
| Etiquetas: |
Sin Etiquetas, Sea el primero en etiquetar este registro!
|
MARC
| LEADER | 00000nam a2200000 4500 | ||
|---|---|---|---|
| 001 | c004352 | ||
| 005 | 20221206074644.4 | ||
| 020 | |a 3-280-02176-6 | ||
| 041 | 0 | |a ger | |
| 044 | |a CH | ||
| 245 | 1 | 0 | |a Kreativität |b <Das> Handbuch für die Praxis |c Victor Scheitlin |
| 250 | |a 1. Aufl. | ||
| 264 | 1 | |a Zürich |b Füssli |c 1993 | |
| 300 | |a 379 s. | ||
| 610 | 2 | 0 | |a kreativita |
| 610 | 2 | 0 | |a práca tvorivá |
| 610 | 2 | 0 | |a schopnosti pracovné |
| 610 | 2 | 0 | |a etika |
| 610 | 2 | 0 | |a pojmy |
| 610 | 2 | 0 | |a psychológia |
| 610 | 2 | 0 | |a manažment |
| 100 | 1 | |a Scheitlin, Victor | |